000 00773nam a2200217 a 4500
001 65745
003 BD-RjUL
005 20211209081447.0
008 170311s1975 b ||||| |||| 00| 0 b d
035 _a(BD-RjUL)65875
040 _aBD-RjUL
_bben
_cBD-RjUL
_dBD-RjUL
041 _aben
082 _223
_a891.443
_bSHC 1975
100 _aসিদ্দিকী, আশরাফ
_9194421
245 _aকিংবদন্তির বাংলা /
_cআশরাফ সিদ্দিকী
260 _a ঢাকা :
_bআহমদ পাবলিশিং হাউস,
_c১৯৭৫
300 _a২১৫ পৃ. ;
_c১৮ সেমি,
650 _a বাংলা উপন্যাস
_9170454
650 _aBengali Fictions
_9170515
942 _2ddc
_cBK
999 _c65745
_d65745